00581nam a2200193 a 4500001001300000003000900013005001700022008004100039020000900080082001800089100001600107245006100123260004700184300000900231500003500240505007700275650001900352700001600371nice12345678IN_TiNIC20260116012358.0050524s1983 mada grp 000 0 eng  ac3000a230.0954bTHO aThomas, M M aIdeological Quest Within Christian Commitment 1939-1954. aMadrasbChristian Literature Societyc1983 a268p aincludes index and biblioraphy2 aAs Amended By Amendment Act, 1985 With Explanatory Notes, Rules & Forms. aTheology-India1 aThomas, M M